[Event "AUTO-OPEN-4353"]
[Site "http://www.queenalice.com/game.php?id=1783945"]
[Date "2022.3.3"]
[Round "1"]
[White "jesus_vieira"]
[Black "chessman"]
[Result "0-1"]
[WhiteElo "1696"]
[BlackElo "1950"]

1. d4 d5 2. Bf4 e6 3. Nf3 a6 4. e3 Nf6 5. Bd3 c5 6. c3 Nc6 7. Nbd2 Be7 8. Ne5
O-O 9. Nxc6 bxc6 10. Nf3 cxd4 11. cxd4 c5 12. b3 cxd4 13. Nxd4 Bb4+ 14. Ke2 Re8
15. f3 Bb7 16. Nc2 e5 17. Bg5 e4 18. Nxb4 exd3+ 19. Qxd3 d4 20. Qxd4 Qxd4 21.
Nc2 Qe5 22. Bf4 Qxf4 23. Rad1 Rac8 24. Rd2 Rxc2 25. Rxc2 Qxe3+ 26. Kd1 Bxf3+ 27.
gxf3 Rd8+ 0-1

[Event "AUTO-OPEN-4353"]
[Site "http://www.queenalice.com/game.php?id=1783946"]
[Date "2022.3.3"]
[Round "1"]
[White "chessman"]
[Black "jesus_vieira"]
[Result "0-1"]
[WhiteElo "2004"]
[BlackElo "1626"]

1. e4 d5 2. exd5 Qxd5 3. Nc3 Qe5+ 4. Be2 Nf6 5. Nf3 Qa5 6. O-O Bf5 7. d4 e6 8.
Be3 Bd6 9. h3 Nbd7 10. Nb5 Nd5 11. c4 Nxe3 12. fxe3 Bg3 13. d5 c6 14. dxe6 Bxe6
15. Nd6+ Ke7 16. Ne4 Bc7 17. Nd4 Rhf8 18. b3 Qe5 0-1

[Event "AUTO-INT-3769"]
[Site "http://www.queenalice.com/game.php?id=1795783"]
[Date "2022.9.8"]
[Round "1"]
[White "dimitridruloza2012"]
[Black "jesus_vieira"]
[Result "1-0"]
[WhiteElo "1569"]
[BlackElo "1444"]

1. d4 d5 2. e3 Bf5 3. h3 Nf6 4. Nf3 h6 5. Nh4 Bh7 6. Nc3 e6 7. Bd2 Bd6 8. Bb5+
c6 9. Ba4 b5 10. Bb3 a5 11. Qf3 a4 12. Bxa4 bxa4 13. a3 Na6 14. Nxa4 Bxc2 15.
Nc3 Qb6 16. b4 Nxb4 17. Kf1 Qa6+ 18. Kg1 Ne4 19. Nxe4 Bxe4 20. Qg4 O-O 21. f3
Bh7 22. e4 Nc2 23. Ra2 Nxa3 24. Bxh6 Bg6 25. Nxg6 fxg6 26. Qxg6 Rf7 27. h4 Bf4
28. Bxf4 Qd3 29. Rd2 Qb1+ 30. Kh2 Qb4 31. Bh6 Raa7 32. exd5 cxd5 33. Bg5 Qd6+
34. Kh3 Nc4 35. Rc2 e5 36. Qxd6 Nxd6 37. dxe5 Nc4 38. e6 Rf5 39. Re1 Kf8 40. e7+
Ke8 41. Rb1 Rxe7 42. Rb8+ Kf7 43. Bxe7 Kxe7 44. Re2+ Kf6 45. Rf8+ Kg6 46. Re6+
Rf6 47. h5+ Kf5 48. Rexf6+ 1-0

[Event "AUTO-INT-3769"]
[Site "http://www.queenalice.com/game.php?id=1795784"]
[Date "2022.9.8"]
[Round "1"]
[White "jesus_vieira"]
[Black "dimitridruloza2012"]
[Result "1-0"]
[WhiteElo "1421"]
[BlackElo "1596"]

1. d4 d5 2. Bf4 Nc6 3. e3 a6 4. Nc3 Nf6 5. h3 Bf5 6. Bd3 Bxd3 7. Qxd3 e6 8. Nf3
Ne4 9. a3 Bd6 10. Ne5 Bxe5 11. dxe5 Nxc3 12. Qxc3 d4 13. Qc5 g5 14. Bg3 Qd7 15.
Rd1 b6 16. Qc4 b5 17. Qc5 Qd5 18. Qxd5 exd5 19. exd4 Kd7 20. c3 Kc8 21. O-O Kb7
22. f4 gxf4 23. Rxf4 Rhg8 24. Bh4 Raf8 25. Rdf1 Rg6 26. Rxf7 Rxf7 27. Rxf7 Rh6
28. g3 Rg6 29. Rxh7 Rg8 30. g4 Na5 31. e6 Kb6 32. e7 Nc4 33. Rf7 Nd6 34. Rf8 Rg7
35. e8=Q Nxe8 36. Rxe8 Rf7 37. Re5 c6 38. Bd8+ Kb7 39. Re7+ Rxe7 40. Bxe7 Kb6
41. h4 1-0

[Event "AUTO-INT-3769"]
[Site "http://www.queenalice.com/game.php?id=1795797"]
[Date "2022.9.8"]
[Round "1"]
[White "sorim1"]
[Black "jesus_vieira"]
[Result "1-0"]
[WhiteElo "1430"]
[BlackElo "1441"]

1. e4 d5 2. exd5 Qxd5 3. Nf3 Bf5 4. d4 Nf6 5. Nc3 Qa5 6. Bd2 Nc6 7. Bc4 e6 8.
Nd5 exd5 9. Bxa5 Nxa5 10. Bd3 Bg4 11. O-O O-O-O 12. h3 Bh5 13. Bf5+ Kb8 14. b3
Ba3 15. Qd2 b6 16. Ne5 Rde8 17. g4 Bg6 18. Bxg6 hxg6 19. Nxf7 1-0

[Event "AUTO-INT-3769"]
[Site "http://www.queenalice.com/game.php?id=1795798"]
[Date "2022.9.8"]
[Round "1"]
[White "jesus_vieira"]
[Black "sorim1"]
[Result "0-1"]
[WhiteElo "1433"]
[BlackElo "1642"]

1. d4 Nf6 2. Nf3 d5 3. Bf4 Bf5 4. a3 e6 5. h3 c5 6. e3 Nbd7 7. Bd3 Bxd3 8. Qxd3
c4 9. Qd1 Be7 10. c3 Qb6 11. b4 a5 12. Nbd2 axb4 13. axb4 O-O 14. Ne5 Ra6 15.
O-O Rfa8 16. Ndf3 Rxa1 17. Nxd7 Nxd7 18. Qc2 R8a2 19. Rxa1 Rxc2 20. Ra8+ Nf8 21.
Ne5 Rxc3 22. Nd7 Qxb4 23. Nxf8 Bxf8 24. Rd8 Qb6 25. Rc8 Rc1+ 0-1

[Event "AUTO-INT-3769"]
[Site "http://www.queenalice.com/game.php?id=1795807"]
[Date "2022.9.8"]
[Round "1"]
[White "jesus_vieira"]
[Black "Tartenfou93"]
[Result "0-1"]
[WhiteElo "1452"]
[BlackElo "1387"]

1. d4 Nf6 2. Nf3 e6 3. Bf4 d5 4. a3 c5 5. e3 Nbd7 6. Bb5 Be7 7. c3 O-O 8. h4 Re8
9. Ne5 a6 10. Ba4 b5 11. Bb3 Bd6 12. Nc6 Qc7 13. Ne5 Nxe5 14. dxe5 Bxe5 15. Bxe5
Qxe5 16. Nd2 Bb7 17. Qe2 Rad8 18. Nf3 Qd6 19. O-O e5 20. Ng5 h6 21. Nf3 Bc8 22.
Bc2 Bg4 23. e4 d4 24. cxd4 exd4 0-1

[Event "AUTO-INT-3769"]
[Site "http://www.queenalice.com/game.php?id=1795808"]
[Date "2022.9.8"]
[Round "1"]
[White "Tartenfou93"]
[Black "jesus_vieira"]
[Result "1-0"]
[WhiteElo "1409"]
[BlackElo "1452"]

1. d4 d5 2. Bf4 a6 3. e3 Nf6 4. Nd2 Bf5 5. Ngf3 h6 6. c3 e6 7. Ne5 g6 8. h3 Bd6
9. Ndf3 g5 10. Bh2 Nbd7 11. Bd3 Ne4 12. Qc2 f6 13. Nxd7 Qxd7 14. O-O-O g4 15.
hxg4 Bxg4 16. Rde1 O-O-O 17. Bxe4 dxe4 18. Qxe4 f5 19. Qc2 Bxf3 20. gxf3 Bxh2
21. Rxh2 Qg7 22. e4 Qg5+ 23. Kb1 fxe4 24. fxe4 1-0

[Event "AUTO-OPEN-4390"]
[Site "http://www.queenalice.com/game.php?id=1796022"]
[Date "2022.9.12"]
[Round "1"]
[White "jesus_vieira"]
[Black "bmax"]
[Result "0-1"]
[WhiteElo "1425"]
[BlackElo "2342"]

1. d4 d6 2. Bf4 Nf6 3. Nf3 Nbd7 4. h3 e5 5. dxe5 dxe5 6. Nxe5 Bd6 7. e3 Nxe5 8.
Bb5+ Bd7 9. Bxd7+ Qxd7 10. Nc3 a6 11. O-O O-O 12. Bxe5 Bxe5 13. Qxd7 Nxd7 14.
Rad1 Rad8 15. f4 Bxc3 16. bxc3 Nc5 17. Kf2 Ne4+ 18. Kf3 Nd2+ 19. Ke2 Nxf1 20.
Rxf1 Rd6 21. g4 Rfd8 22. Rf2 Rd2+ 23. Kf3 Rxf2+ 24. Kxf2 Rd2+ 25. Kf3 Rxc2 0-1

[Event "AUTO-OPEN-4390"]
[Site "http://www.queenalice.com/game.php?id=1796023"]
[Date "2022.9.12"]
[Round "1"]
[White "bmax"]
[Black "jesus_vieira"]
[Result "1-0"]
[WhiteElo "2343"]
[BlackElo "1423"]

1. d4 d5 2. Nc3 Bf5 3. Bf4 a6 4. e3 e6 5. Bd3 Qf6 6. Bxc7 Nc6 7. Bxf5 Qxf5 8.
Qd3 Qxd3 9. cxd3 Bb4 10. a3 Be7 11. Nf3 Nf6 12. Ne5 Nxe5 13. dxe5 Ng4 14. h3 Nh6
15. O-O O-O 16. Na4 b5 17. Nb6 Ra7 18. Rac1 a5 19. d4 b4 20. a4 f5 21. exf6 Bxf6
22. Nd7 Rc8 23. Nxf6+ gxf6 24. Bb6 Raa8 25. Rxc8+ 1-0

[Event "AUTO-OPEN-4390"]
[Site "http://www.queenalice.com/game.php?id=1796024"]
[Date "2022.9.12"]
[Round "1"]
[White "jesus_vieira"]
[Black "MePa"]
[Result "0-1"]
[WhiteElo "1443"]
[BlackElo "1797"]

1. d4 d5 2. Bf4 Nf6 3. Nf3 e6 4. e3 c5 5. Bb5+ Bd7 6. Bxd7+ Nbxd7 7. c4 cxd4 8.
Nxd4 e5 9. Bxe5 Nxe5 10. cxd5 Qxd5 11. O-O Be7 12. Nc3 Qd7 13. Qb3 O-O 14. Rad1
Qc7 15. Nf5 Rfd8 16. Nxe7+ Qxe7 17. Rxd8+ Rxd8 18. h3 Rd2 19. Rd1 Rxd1+ 20. Nxd1
h6 21. a4 Nfd7 22. Qxb7 a5 23. Qa8+ Kh7 24. Qxa5 f6 25. b4 Nc6 26. Qb5 Nde5 27.
Qc5 Qxc5 28. bxc5 Nd3 29. Kf1 Nxc5 30. Nc3 Kg6 31. Ke2 Kf5 32. g4+ Ke5 33. f4+
Kd6 34. h4 g6 35. Kf3 Nb4 0-1

[Event "AUTO-OPEN-4390"]
[Site "http://www.queenalice.com/game.php?id=1796025"]
[Date "2022.9.12"]
[Round "1"]
[White "MePa"]
[Black "jesus_vieira"]
[Result "1-0"]
[WhiteElo "1796"]
[BlackElo "1454"]

1. e4 d5 2. exd5 Qxd5 3. Nc3 Qf5 4. Nf3 Nc6 5. b3 Nf6 6. Bb2 b6 7. d4 Bb7 8. Qd2
Ne4 9. Nxe4 Qxe4+ 10. Be2 e6 11. O-O-O g6 12. Rhe1 O-O-O 13. Bb5 Bg7 14. Rxe4
Nxd4 15. Rxd4 Bxd4 16. Bxd4 Rd6 17. Qf4 Rhd8 18. c3 f5 19. Ne5 Rd5 20. Bc6 Kb8
21. Bxd5 Bxd5 22. f3 Bb7 23. Qh6 1-0